Three Housemen of the New Apocalypse (Record no. 12015)

MARC details
000 -LEADER
fixed length control field 00636nam a2200253 a 4500
020 ## - INTERNATIONAL STANDARD BOOK NUMBER
ISBN 0191892
082 00 - DEWEY DECIMAL CLASSIFICATION NUMBER
Classification number 306
Author Cutter CHA
100 ## - MAIN ENTRY--AUTHOR NAME
Author name Chaudhari, Nirad C
245 ## - TITLE STATEMENT
Title Three Housemen of the New Apocalypse
260 ## - PUBLICATION, DISTRIBUTION, ETC. (IMPRINT)
Place of publication Londan
Name of publisher Oxford University Press
Year of publication 1997
300 ## - PHYSICAL DESCRIPTION
Number of Pages 137p
500 ## - GENERAL NOTE
General note includes index and biblioraphy
505 2# - FORMATTED CONTENTS NOTE
Formatted contents note Index
650 ## - SUBJECT ADDED ENTRY--TOPICAL TERM
Topical Term Philosophy-Hinduism
650 ## - SUBJECT ADDED ENTRY--TOPICAL TERM
Topical Term Culture
942 ## - ADDED ENTRY ELEMENTS (KOHA)
Koha item type Books
700 1# -
-- Chaudhari, Nirad C
Holdings
Collection code Home library Current library Date acquired Cost, normal purchase price Full call number Accession Number Koha item type
  Henry Martyn Institute Library Henry Martyn Institute Library 03/30/2007 250.00 306 CHA 017480 Books
                   Copyright © 2026 | Henry Martyn Institute | Hyderabad | TS-500052 | INDIA | Implemented by hmi.edu.in
Hit-Count:

Powered by Koha